| 000 | 00604nam a2200241Ia 4500 | ||
|---|---|---|---|
| 003 | OSt | ||
| 005 | 20221005122707.0 | ||
| 006 | a|||||r|||| 00| 0 | ||
| 007 | ta | ||
| 008 | 221004b |||||||| |||| 00| 0 kan d | ||
| 024 | _a59495 | ||
| 037 | _cTextual | ||
| 040 |
_aCRL _cCRL _bkan |
||
| 041 |
_2kan _akan |
||
| 082 | _aO33v, L5.1 | ||
| 100 | _aSivarudrappa G. S. Au. | ||
| 245 | 0 | _aKannada saahitya sameekshe | |
| 260 | _c1975 | ||
| 490 | _vVol. 1 | ||
| 650 | _aKANNAD LITERATURE | ||
| 942 |
_hO33v, L5.1 _cTEXL _2cc |
||
| 999 |
_c1045105 _d1045105 |
||